| 000 | 00912nam a2200253 a 4500 | ||
|---|---|---|---|
| 001 | 49911 | ||
| 003 | BD-RjUL | ||
| 005 | 20211209075430.0 | ||
| 008 | 160823r19551948nyua b 000 0 eng | ||
| 035 | _a(BD-RjUL)50031 | ||
| 040 |
_aDLC _cOTU _dNcRS _dOCoLC _dDLC _dBD-RjUL _beng |
||
| 041 | _aeng | ||
| 082 |
_a371.3 _223 _bYOM 1955 |
||
| 100 | 1 |
_aYoakam, Gerald A. _q(Gerald Alan), _d1887- _9149587 |
|
| 245 | 1 | 0 |
_aModern methods and techniques of teaching / _cby Gerald A. Yoakam and Robert G. Simpson. A revision of An introduction to teaching and learning. |
| 260 |
_aNew York : _bThe Macmillan Company, _c1948 [printing 1955] |
||
| 300 |
_aviii, 435 p. ; _c22 cm. |
||
| 500 | _aIncludes Index | ||
| 650 | 0 |
_aTeaching. _9149588 |
|
| 650 | 0 |
_aEducational psychology. _9149589 |
|
| 650 | 0 |
_aLearning, Psychology of. _9133314 |
|
| 700 | 1 |
_aSimpson, Robert Gilkey, _d1890- _ejoint author. _9149590 |
|
| 942 |
_2ddc _cBK |
||
| 999 |
_c49911 _d49911 |
||